| 000 | 01138nas a2200385 4500 | ||
|---|---|---|---|
| 001 | BR0401057 | ||
| 003 | BR-BrBNA | ||
| 005 | 20231205104354.0 | ||
| 007 | ta | ||
| 008 | 230509b bl.|||p| |||| 00| 00por d | ||
| 040 |
_aBR-BrBNA _bpor _cBiblioteca Nacional de Agricultura |
||
| 041 | _a(Pt) | ||
| 072 | _aQ03 | ||
| 100 | 1 | _aBorges, M. de F. | |
| 100 | 1 | _aFeitosa, T. | |
| 100 | 1 | _aNassu, R.T. | |
| 100 | 1 | _aMuniz, C.R. | |
| 100 | 1 | _aAzevedo, E.H.F. de | |
| 100 | 1 | _aFigueiredo, E.A.T. de | |
| 245 | 1 | _aMicrorganismos patogênicos e indicadores em queijo de coalho produzido no Estado do Ceará, Brasil | |
| 650 | _aQUEIJO | ||
| 650 | _aCOALHO | ||
| 650 | _aAMOSTRAGEM | ||
| 650 | _aBACTÉRIA PATOGÊNICA | ||
| 650 | _aSALMONELOSE | ||
| 650 | _aLISTERIOSE | ||
| 650 | _aMOFO | ||
| 650 | _aFERMENTO | ||
| 650 | _aMICROBIOLOGIA DE ALIMENTO | ||
| 650 | _aSAÚDE PÚBLICA | ||
| 650 | _aCEARÁ | ||
| 773 | 0 |
_tBoletim do Centro de Pesquisa e Processamento de Alimentos (Brazil) _xISSN 0102-0323 _g(Jan-Jun 2003), v. 21(1) p. 31-40 _wBR0401057 |
|
| 909 |
_a202311 _bLúcia _c55 _dLúcia Elande |
||
| 942 |
_2AGRIS _n0 _cANA |
||
| 999 |
_c177814 _d177814 |
||